| 000 | 00355cam a2200145ua 4500 | ||
|---|---|---|---|
| 041 |
_aeng _h |
||
| 082 |
_a828.09 _bDAV/TR |
||
| 100 | _aDavies, Hugh Sykes . | ||
| 245 |
_aTrollope / _cHugh Sykes Davies. _hTextual Documents |
||
| 260 |
_aLondon : _bLongman Green and Co , _c1960. |
||
| 300 | _a40 ; . | ||
| 504 | _a | ||
| 942 | _cBK | ||
| 999 |
_c8793 _d8793 |
||